Directive 2006/118/EC of the European Parliament and of the Council of 12 December 2006 on the protection of groundwater against pollution and deterioration (Record no. 78159)

MARC details
000 -LEADER
fixed length control field 01133cab a2200217 4500
001 - CONTROL NUMBER
control field L136159
008 - FIXED-LENGTH DATA ELEMENTS--GENERAL INFORMATION
fixed length control field 070115n2006 000 0 eng u
035 ## - SYSTEM CONTROL NUMBER
System control number (Sirsi) u136159
041 0# - LANGUAGE CODE
Language code of text/sound track or separate title eng
050 04 - LIBRARY OF CONGRESS CALL NUMBER
Classification number 344.046343 $2 18
245 00 - TITLE STATEMENT
Title Directive 2006/118/EC of the European Parliament and of the Council of 12 December 2006 on the protection of groundwater against pollution and deterioration
Medium [electronic resource]
260 ## - PUBLICATION, DISTRIBUTION, ETC.
Place of publication, distribution, etc. Brussels
Name of publisher, distributor, etc. Europa
Date of publication, distribution, etc. 2006
490 ## - SERIES STATEMENT
Series statement Directive 2006/118/EC
520 ## - SUMMARY, ETC.
Summary, etc. Establishes specific measures in order to prevent and control groundwater pollution. Complements the provisions preventing or limiting inputs of pollutants into groundwater already contained in Directive 2000/60/EC and aims to prevent the deterioration of the status of all bodies of groundwater.
650 24 - SUBJECT ADDED ENTRY--TOPICAL TERM
Topical term or geographic name entry element DIRECTIVE 2006/118/EC
650 24 - SUBJECT ADDED ENTRY--TOPICAL TERM
Topical term or geographic name entry element DIRECTIVE 2000/60/EC
651 #4 - SUBJECT ADDED ENTRY--GEOGRAPHIC NAME
Geographic name EUROPE
690 ## - LOCAL SUBJECT ADDED ENTRY--TOPICAL TERM (OCLC, RLIN)
Topical term or geographic name as entry element ENVIRONMENTAL AND LAND CONSULTANCY-WATER RESOURCE MANAGEMENT
856 40 - ELECTRONIC LOCATION AND ACCESS
Uniform Resource Identifier <a href="https://eur-lex.europa.eu/JOHtml.do?uri=OJ:L:2006:372:SOM:EN:HTML">https://eur-lex.europa.eu/JOHtml.do?uri=OJ:L:2006:372:SOM:EN:HTML</a>
Public note View the directive free of charge at eur-lex.europa.eu...
942 ## - ADDED ENTRY ELEMENTS (KOHA)
Suppress in OPAC 0
Holdings
Withdrawn status Lost status Source of classification or shelving scheme Damaged status Not for loan Home library Current library Shelving location Date acquired Total Checkouts Full call number Barcode Date last seen Copy number Price effective from Koha item type
    Dewey Decimal Classification     Virtual Virtual Online 15/01/2007   ONLINE PUBLICATION 136159-1001 06/08/2019 1 06/08/2019 Journal article